Statistics for Actors / Actresses by their Characters #13

Click here to take the quiz!

General Stats

  • This quiz has been taken 24 times
  • The average score is 4 of 10

Answer Stats

HintAnswer% Correct
Andy Dwyer, Peter Quill / Star-Lord, Alex Eilhauer, Owen GradyChris Pratt
80%
Django Freeman, Jamie Percy King, Yahya ibn Umar, President James SawyerJamie Foxx
70%
Ignacio / Nacho, Miles Dumont, Dewey Finn, Hal LarsonJack Black
65%
Pam Beesly, Katie Van Waldenberg, Maggie Mills, Melanie SloanJenna Fischer
45%
Dr. Ian Malcolm, Michael Gold, David Levinson, GrandmasterJeff Goldblum
40%
Marie / Rogue, Sookie Stackhouse, Queen Isabella II of Spain, Peggy SheeranAnna Paquin
35%
Alex Russo, Mavis Dracula, Beatrice Ann "Beezus" Quimby, Mary SantiagoSelena Gomez
35%
Léon, Gendarme Gilbert Ponton, Franz Krieger, Inspector Jean-Paul CardonJean Reno
30%
Effy Stonem, Teresa, Carina Smyth, Catherine EarnshawKaya Scodelario
20%
Carrie Heffernan, Vanessa Cellucci, Lara Campbell, Producer LouiseLeah Remini
15%

Score Distribution

Percentile by Number Answered

Percent of People with Each Score

Your Score History

You have not taken this quiz